<?xml version="1.0" encoding="UTF-8"?>
<collection xmlns="http://www.loc.gov/MARC21/slim">
 <record>
  <leader>00448pamaa2200145   4500</leader>
  <controlfield tag="001">0000034809</controlfield>
  <controlfield tag="005">20060814090000.0</controlfield>
  <datafield tag="020" ind1="0" ind2="0">
   <subfield code="a">9679784029 </subfield>
  </datafield>
  <datafield tag="090" ind1="0" ind2="0">
   <subfield code="a">PL5077 </subfield>
   <subfield code="b">INS 1992</subfield>
  </datafield>
  <datafield tag="245" ind1="1" ind2="0">
   <subfield code="a">INSTANT malay : </subfield>
   <subfield code="b">your shortcutto learning and speaking malay through english  </subfield>
   <subfield code="c">Compiled byAnita Morah Abas.</subfield>
  </datafield>
  <datafield tag="260" ind1="0" ind2="0">
   <subfield code="a">Subang Jaya: </subfield>
   <subfield code="b">Pelanduk Publications, </subfield>
   <subfield code="c">1992.</subfield>
  </datafield>
  <datafield tag="300" ind1=" " ind2=" ">
   <subfield code="a">xviii, 373p.; </subfield>
   <subfield code="c">13cm.</subfield>
  </datafield>
  <datafield tag="650" ind1="0" ind2="0">
   <subfield code="a">MalayxLanguage </subfield>
  </datafield>
  <datafield tag="700" ind1="1" ind2="1">
   <subfield code="a">Anita Moarah Abas </subfield>
  </datafield>
 </record>
</collection>
